The fall of interpretation : Philosophical Foundations for a Creational Hermeneutic (Record no. 22538)
[ view plain ]
| 000 -LEADER | |
|---|---|
| fixed length control field | 00844cam a2200217 a 4500 |
| 020 ## - INTERNATIONAL STANDARD BOOK NUMBER | |
| ISBN | 9780801039720 (pbk. : alk. paper) |
| 020 ## - INTERNATIONAL STANDARD BOOK NUMBER | |
| ISBN | 080103972X (pbk. : alk. paper) |
| 082 00 - DEWEY DECIMAL CLASSIFICATION NUMBER | |
| Classification number | 230.01 |
| Author Cutter | SMI |
| 100 1# - MAIN ENTRY--AUTHOR NAME | |
| Author name | Smith, James K. A., |
| 245 14 - TITLE STATEMENT | |
| Title | The fall of interpretation : Philosophical Foundations for a Creational Hermeneutic |
| 250 ## - EDITION STATEMENT | |
| Edition statement | 2nd ed. |
| 260 ## - PUBLICATION, DISTRIBUTION, ETC. (IMPRINT) | |
| Place of publication | Grand Rapids, Mich. : |
| Name of publisher | Baker Academic, |
| Year of publication | c2012. |
| 300 ## - PHYSICAL DESCRIPTION | |
| Number of Pages | xviii, 229 p. ; |
| 505 0# - FORMATTED CONTENTS NOTE | |
| Formatted contents note | Paradise regained -- Through a mirror darkly -- Falling into the garden -- Edenic violence -- Interpreting the fall -- Interpretation in Eden -- Limited inc/arnation: from creation to ecclesia. |
| 650 #0 - SUBJECT ADDED ENTRY--TOPICAL TERM | |
| Topical Term | Hermeneutics - Religious |
| -- | Aspects - Christianity |
| 650 #0 - SUBJECT ADDED ENTRY--TOPICAL TERM | |
| Topical Term | Philosophical theology. |
| 650 #0 - SUBJECT ADDED ENTRY--TOPICAL TERM | |
| Topical Term | Fall of man. |
| 650 #0 - SUBJECT ADDED ENTRY--TOPICAL TERM | |
| Topical Term | Creation. |
| 942 ## - ADDED ENTRY ELEMENTS (KOHA) | |
| Koha item type | Books |
| Home library | Current library | Shelving location | Date acquired | Full call number | Accession Number | Koha item type | Source of acquisition |
|---|---|---|---|---|---|---|---|
| Henry Martyn Institute Library | Henry Martyn Institute Library | General stacks | 11/23/2018 | 230.01 SMI | 11003934 | Books | |
| Henry Martyn Institute Library | Henry Martyn Institute Library | General stacks | 08/29/2025 | 230.01 SMI | 11003933 | Books | Director |
